Quiz Tczasowniki nieregularne kl. 6 - Statystyki

Ogólne statystyki
  • Ten quiz został rozwiązany 20 razy
  • Średni wynik to 25 z 41
Statystyki odpowiedzi
czasownik (1 forma) czasownik (2 forma) % Poprawnych
be (być) was/were
100%
buy (kupować) bought
88%
cut (ciąc) cut
88%
eat (jeść) ate
82%
break (lamać psuć) broke
82%
drink (pić) drank
82%
begin (zaczynać) began
76%
come (przychodzić) came
76%
get (dostawać) got
76%
sit (siedzieć) sat
76%
go (isć) went
76%
have (mieć) had
71%
swim (pływać) swam
71%
do (robić) did
65%
find (znajdować) found
65%
give (dostawać) gave
65%
make (robić) made
65%
run (biegać) ran
65%
take (brać) took
65%
fall (spadać) fell
59%
forget (zapominać) forgot
59%
meet (spotykać,poznawać met
59%
read (czytać) read
59%
ride (jeździć) rode
59%
see (widzieć) saw
59%
speak (mówić) spoke
59%
feed (karmić) fed
53%
hear (słyszeć) heard
53%
know (wiedzieć) knew
53%
leave (wychodzić,odjeżdżać) left
53%
win (wygrywać) won
53%
tell (mowić (coś komuś)) told
47%
write (pisać) wrote
47%
sink (tonąć) sank
41%
spend (wydawać,spędzać) spent
41%
catch (łapać) caught
35%
say (mówić) said
35%
think (mysleć) thought
35%
fly (latać) flew
29%
wear (nosić) wore
29%
teach (uczyć (kogoś)) taught
12%
Nie znaleziono quizów pasujących do podanych kryteriów
Rozkład punktacji
Procent ludzi z każdym wynikiem
Percentyl według liczby udzielonych odpowiedzi
Twoja historia wyników
Nie rozwiązałeś tego quizu